000
00195 a2200097 4500
020
_a
1859840663
041
_a
eng
100
_a
Guevara, che Ernesto
245
_a
The motorcycle diaries
942
_c
BK
999
_c
7384
_d
7384